MARC

LEADER 00000nam0a2200000 4500
001 313383
005 20231102002557.0
035 |a (RuTPU)RU\TPU\book\338767 
090 |a 313383 
100 |a 20160122d1971 km y0rusy50 ca 
101 0 |a rus 
102 |a RU 
105 |a a z 001zy 
200 1 |a Переходные процессы в системах с переменными параметрами  |f С. И. Виглин 
210 |a Москва  |c Советское радио  |d 1971 
215 |a 182 с.  |c ил. 
320 |a Библиогр.: с. 179-180 
606 1 |a Радиоцепи параметрические  |x Переходные процессы  |2 stltpush  |3 (RuTPU)RU\TPU\subj\23324  |9 47939 
610 1 |a параметрические системы 
610 1 |a интегральные методы 
610 1 |a интегральные уравнения 
610 1 |a избирательные системы 
610 1 |a гармонические сигналы 
675 |a 621.372  |v 4 
700 1 |a Виглин  |b С. И.  |g Самуил Израилевич 
801 1 |a RU  |b 63413507  |c 20160122 
801 2 |a RU  |b 63413507  |c 20171024  |g RCR 
942 |c BK